|
|
|
|
| LEADER |
00000cam a22000004a 4500 |
| 001 |
musev2_79413 |
| 003 |
MdBmJHUP |
| 005 |
20230905052200.0 |
| 006 |
m o d |
| 007 |
cr||||||||nn|n |
| 008 |
100303s2010 inu o 00 0 eng d |
| 020 |
|
|
|a 9781575066011
|
| 035 |
|
|
|a (OCoLC)759160098
|
| 040 |
|
|
|a MdBmJHUP
|c MdBmJHUP
|
| 041 |
1 |
|
|a eng
|h heb
|
| 100 |
1 |
|
|a Blau, Yehoixua,
|d 1919-
|e autor.
|
| 240 |
1 |
0 |
|a Torat ha-hegeh ṿeha-tsurot.
|l Anglès
|
| 245 |
1 |
0 |
|a Phonology and Morphology of Biblical Hebrew :
|b An Introduction /
|c Joshua Blau.
|
| 264 |
|
1 |
|a Winona Lake, Indiana :
|b Eisenbrauns,
|c 2010
|
| 264 |
|
3 |
|a Baltimore, Md. :
|b Project MUSE,
|c 2021
|
| 264 |
|
4 |
|c ©2010
|
| 300 |
|
|
|a 1 online resource (384 pages):
|b il·lustracions ;
|
| 336 |
|
|
|a text
|b txt
|2 rdacontent
|
| 337 |
|
|
|a computer
|b c
|2 rdamedia
|
| 338 |
|
|
|a online resource
|b cr
|2 rdacarrier
|
| 490 |
0 |
|
|a Linguistic studies in Ancient West Semitic ;
|v 2
|
| 588 |
|
|
|a Description based on print version record.
|
| 650 |
|
7 |
|a Morfologia (Gramàtica)
|2 thub
|
| 650 |
|
7 |
|a Fonologia.
|2 thub
|
| 650 |
|
7 |
|a Hebreu.
|2 thub
|
| 655 |
|
7 |
|a Electronic books.
|2 local
|
| 710 |
2 |
|
|a Project Muse.
|e distributor
|
| 830 |
|
0 |
|a Book collections on Project MUSE.
|
| 856 |
4 |
0 |
|z Texto completo
|u https://projectmuse.uam.elogim.com/book/79413/
|
| 945 |
|
|
|a Project MUSE - Custom Collection
|